Personagens de Steven Universe - Statistics

Estatísticas Gerais
  • Esse quiz foi jogado 124 vezes
  • A pontuação média é 13 de 15
Estatísticas das Respostas
Hint Resposta % Correto
Personagem principal Steven
100%
Usa uma lança Perola
98%
Usa um chicote Ametista
97%
Personagem principal de uma fusão de 2 gems Garnet
97%
Presa em um espelho Lapis
94%
Animal rosa do personagem principal Leao
91%
Baixa e verde e sarcástica Peridot
88%
Melhor amiga do personagem principal Connie
87%
Rebelde da guerra gem Rose
87%
Pai do personagem principal Greg
86%
Parte da fusão da Garnet (vermelha) Rubi
86%
Parte da fusão da Garnet (azul) Safira
85%
Menor na escala da autoridade diamante Diamante rosa
82%
No topo da autoridade diamante Diamante branco
81%
Principal da banda sadie killer Sadie
72%
Nenhum quiz correspondente encontrado
Distribuição das Pontuações
Porcentagem de Pessoas com Cada Pontuação
Percentil de Números Respondidos
Sua Pontuação Histórica
Você não jogou esse quiz